| 000 | 00377nam a22001457a 4500 | ||
|---|---|---|---|
| 020 | _a978-1-265-10259-3 | ||
| 082 | _a658.15 | ||
| 100 | _aBrealey, Richard A. | ||
| 245 | _aFundamentals of Corporate Finance | ||
| 250 | _a11th | ||
| 260 |
_aNew York: _bMcGraw Hill; _c2023. |
||
| 300 | _axxxi, 726p.: ill.; 28cm | ||
| 700 | _aMyers, Stewart C. & Marcus, Alan J. | ||
| 942 | _cBK | ||
| 999 |
_c22130 _d22130 |
||